000 01154nac a22003257a 4500
001 BR8202724
003 BR-BrBNA
005 20240105115322.0
008 230509b bl.|||m| |||| 00| 0 por d
040 _aBR-BrBNA
_bpor
_cBiblioteca Nacional de Agricultura
072 _aE15
090 _a5214 BR8202724
100 1 _aMelo Filho, G.A. de
100 1 _aCastro, F.G. de
100 1 _aLobato Neto, J.
100 1 _aSouza, R.M. de
100 1 _aTeixeira, N.M.
110 1 _aCentro Nacional de Pesquisa de Gado de Leite, Coronel Pacheco, MG (Brasil)
_91775
245 1 _aSistema de producao de leite do CNP - gado de leite; resultados zootecnicos e economicos do periodo de novembro/1980 a outubro/1981 [Centro Nacional de Pesquisa de Gado de Leite, Brasil]
260 3 _aCoronel Pacheco, MG (Brasil):
_c1982.
300 _a16 p.
490 _aDocumentos - Centro Nacional de Pesquisa de Gado de Leite (Brazil)
_vno. 4
_xISSN 0101-0581
500 _a9 ref.
650 _aGADO LEITEIRO
650 _aLEITE
650 _aPRODUCAO LEITEIRA
650 _aCUSTO
909 _a202312
_bLúcia Elande
_c55
_dLúcia Elande
942 _2AGRIS
_n0
_cMS
999 _c274256
_d274256